Manažerská informatika

Enregistré dans:
Détails bibliographiques
Auteur principal: Požár, Josef
Format: Livre
Langue:tchèque
Publié: Plzeň Vydavatelství a nakladatelství Aleš Čeněk 2010
Sujets:
Tags: Ajouter un tag
Pas de tags, Soyez le premier à ajouter un tag!

MARC

LEADER 00000nam a2200000 4500
001 0178001
005 20240313090028.0
020 |a 978-80-7380-276-9 
041 0 |a cze 
044 |a CZ 
245 1 0 |a Manažerská informatika  |c Josef Požár 
264 1 |a Plzeň  |b Vydavatelství a nakladatelství Aleš Čeněk  |c 2010 
300 |a 357 s. 
610 2 0 |a informatika manažérska 
610 2 0 |a proces informačný 
610 2 0 |a kybernetika 
610 2 0 |a systémy informačné 
610 2 0 |a sklad dát 
610 2 0 |a dolovanie dát 
610 2 0 |a systémy znalostné 
610 2 0 |a bezpečnosť informačná 
610 2 0 |a technológie informačné 
610 2 0 |a technológie komunikačné 
100 1 |a Požár, Josef